[Event "Outaouais-ch Reserves"]
[Site "Gatineau"]
[Date "2018.05.08"]
[Round "6"]
[White "Lecorre, Joel"]
[Black "Lemieux, Richard"]
[Result "1/2-1/2"]
[WhiteElo "1515"]
[BlackElo "1660"]
[PlyCount "76"]
[EventDate "2018.04.03"]
[EventType "swiss"]
[EventRounds "7"]
[EventCountry "CAN"]
[SourceTitle "EXT 2022"]
[Source "ChessBase"]
[SourceDate "2021.10.06"]
[SourceVersion "1"]
[SourceVersionDate "2021.10.06"]
[SourceQuality "1"]

1. e4 e5 2. Nf3 Nc6 3. Bc4 Nd4 4. Nc3 Nxf3+ 5. Qxf3 Qf6 6. Nb5 Qxf3 7. gxf3 Bd6 8. Nxd6+ cxd6 9. Rg1 g6 10. d3 b6 11. a4 Rb8 12. f4 f6 13. f5 g5 14. h4 h6 15. f4 exf4 16. Bxf4 Ke7 17. Be3 Bb7 18. Kd2 Kf8 19. Bd4 Kg7 20. a5 Ne7 21. axb6 axb6 22. hxg5 hxg5 23. Rxg5+ Kf8 24. Bxf6 Rh2+ 25. Kc3 Rc8 26. Bxe7+ Kxe7 27. Kb3 d5 28. exd5 b5 29. Re1+ Kf6 30. Rg6+ Kxf5 31. Reg1 bxc4+ 32. dxc4 Rh4 33. R1g5+ Kf4 34. Kb4 Rh2 35. Kb3 Rb8 36. Kc3 Rh3+ 37. Kd4 Rh2 38. Kd3 Rh3+ 1/2-1/2

[Event "Gatineau Pere Noel CEH-B"]
[Site "Gatineau"]
[Date "2018.01.09"]
[Round "4"]
[White "Lecorre, Joel"]
[Black "Sabourin, Yves"]
[Result "1-0"]
[WhiteElo "1487"]
[BlackElo "1485"]
[PlyCount "129"]
[EventDate "2017.12.05"]
[EventType "swiss"]
[EventRounds "6"]
[EventCountry "CAN"]
[SourceTitle "EXT 2022"]
[Source "ChessBase"]
[SourceDate "2021.10.06"]
[SourceVersion "1"]
[SourceVersionDate "2021.10.06"]
[SourceQuality "1"]

1. e4 e5 2. Bc4 Nf6 3. d4 Nc6 4. d5 Ne7 5. Nc3 Ng6 6. Nf3 d6 7. h3 Be7 8. Be3 Nd7 9. Qd2 0-0 10. g4 Nh4 11. Nxh4 Bxh4 12. 0-0-0 Nb6 13. Bb3 Bd7 14. f4 Bg3 15. Ne2 exf4 16. Bxf4 Bxf4 17. Nxf4 Re8 18. Rde1 Bb5 19. h4 Qf6 20. g5 Qe5 21. Rhg1 Nc4 22. Bxc4 Bxc4 23. Kb1 Re7 24. h5 g6 25. hxg6 hxg6 26. Qh2 Qh8 27. Qg2 Kf8 28. Rh1 Qg7 29. Rh2 Re5 30. Rh6 Ke7 31. Reh1 Rg8 32. Nxg6+ Qxg6 33. Rxg6 Rxg6 34. Rg1 Bb5 35. Qg4 Bd7 36. Qf4 c6 37. c4 cxd5 38. cxd5 Bb5 39. Rg3 Be8 40. Kc2 f6 41. gxf6+ Rxf6 42. Rg7+ Bf7 43. Qe3 b6 44. Rg5 Rxg5 45. Qxg5 Bg6 46. Kd3 Kf7 47. Ke3 Rf1 48. Qg3 Rf6 49. Qg4 Ke7 50. Qc8 Bh5 51. Qc7+ Kf8 52. e5 Rf3+ 53. Ke4 Rf1 54. Qxd6+ Kg7 55. Qd7+ Kg6 56. Qe6+ Kg5 57. Qe7+ Kg4 58. Qg7+ Kh4 59. d6 Re1+ 60. Kd5 Bg4 61. Kc6 Bf3+ 62. Kc7 Rc1+ 63. Kd8 Bg4 64. Qh6+ Kg3 65. Qxc1 1-0

[Event "Gatineau Pere Noel CEH-B"]
[Site "Gatineau"]
[Date "2017.12.19"]
[Round "3"]
[White "Lecorre, Joel"]
[Black "Bourbonnais, Luc"]
[Result "1-0"]
[WhiteElo "1487"]
[BlackElo "1296"]
[PlyCount "117"]
[EventDate "2017.12.05"]
[EventType "swiss"]
[EventRounds "6"]
[EventCountry "CAN"]
[SourceTitle "EXT 2022"]
[Source "ChessBase"]
[SourceDate "2021.10.06"]
[SourceVersion "1"]
[SourceVersionDate "2021.10.06"]
[SourceQuality "1"]

1. e4 d6 2. d4 Nf6 3. Bd3 Nbd7 4. Nf3 e5 5. c3 Be7 6. Nbd2 c6 7. Qe2 0-0 8. 0-0 Re8 9. dxe5 dxe5 10. Nc4 Bf8 11. Bg5 h6 12. Bh4 b5 13. Ne3 Nb6 14. Rfd1 Qe7 15. Bc2 Bd7 16. b3 Rad8 17. Rd2 Bc8 18. Rad1 Rxd2 19. Rxd2 Rd8 20. Rxd8 Qxd8 21. Nxe5 Qd6 22. Bg3 Qc7 23. N5g4 Qd8 24. Nxf6+ Qxf6 25. e5 Qd8 26. f4 Be7 27. Nf5 Bc5+ 28. Bf2 Bxf2+ 29. Kxf2 Bxf5 30. Bxf5 Qh4+ 31. Kf3 g6 32. g3 Qd8 33. Be4 Nd5 34. Qd3 Qd7 35. f5 gxf5 36. Bxf5 Qe7 37. c4 Nc7 38. Qd6 Qg5 39. g4 Qc1 40. Qd8+ Ne8 41. Qxe8+ Kg7 42. Qd8 Qf1+ 43. Ke3 Qe1+ 44. Kd4 Qd1+ 45. Bd3 Qxg4+ 46. Kc5 Qg1+ 47. Kxc6 Qg2+ 48. Qd5 Qf2 49. Kxb5 Qb6+ 50. Ka4 Qa6+ 51. Qa5 Qc6+ 52. Qb5 Qg2 53. a3 Qxh2 54. c5 Qxe5 55. c6 Qd4+ 56. Bc4 Qd6 57. Qb7 h5 58. Qxf7+ Kh6 59. Qe6+ 1-0

[Event "Gatineau Automne"]
[Site "Gatineau"]
[Date "2017.11.21"]
[Round "4"]
[White "Lecorre, Joel"]
[Black "Simard, Paul"]
[Result "1-0"]
[WhiteElo "1477"]
[BlackElo "1207"]
[PlyCount "89"]
[EventDate "2017.10.31"]
[EventType "swiss"]
[EventRounds "5"]
[EventCountry "CAN"]
[SourceTitle "EXT 2022"]
[Source "ChessBase"]
[SourceDate "2021.10.06"]
[SourceVersion "1"]
[SourceVersionDate "2021.10.06"]
[SourceQuality "1"]

1. e4 e5 2. Nf3 Nf6 3. Nxe5 d6 4. Nf3 Nxe4 5. Bc4 Be7 6. d3 Nf6 7. 0-0 0-0 8. a3 d5 9. Ba2 c5 10. b3 Nc6 11. Bb2 b6 12. Nbd2 Bb7 13. Re1 Qc7 14. Qe2 h6 15. Ne5 Nd4 16. Bxd4 cxd4 17. Ng6 fxg6 18. Qxe7 Qxe7 19. Rxe7 Bc6 20. Nf3 Rfe8 21. Rae1 a5 22. Nxd4 Bd7 23. c4 Kf8 24. R7e3 dxc4 25. dxc4 Rxe3 26. Rxe3 Rd8 27. f4 Bf5 28. Nxf5 Rd1+ 29. Kf2 Ng4+ 30. Ke2 gxf5 31. Rd3 Rxd3 32. Kxd3 Nxh2 33. b4 axb4 34. axb4 g5 35. c5 g4 36. Be6 h5 37. c6 h4 38. Bxf5 h3 39. gxh3 g3 40. Be4 Ke8 41. f5 Ke7 42. f6+ Kd6 43. f7 Ke7 44. c7 Kxf7 45. c8Q 1-0

[Event "Gatineau Automne"]
[Site "Gatineau"]
[Date "2017.11.14"]
[Round "3"]
[White "Legare, Gilles"]
[Black "Lecorre, Joel"]
[Result "0-1"]
[WhiteElo "1098"]
[BlackElo "1477"]
[PlyCount "136"]
[EventDate "2017.10.31"]
[EventType "swiss"]
[EventRounds "5"]
[EventCountry "CAN"]
[SourceTitle "EXT 2022"]
[Source "ChessBase"]
[SourceDate "2021.10.06"]
[SourceVersion "1"]
[SourceVersionDate "2021.10.06"]
[SourceQuality "1"]

1. e4 d5 2. exd5 Qxd5 3. Nf3 Nf6 4. c4 Qd8 5. Be2 Bg4 6. 0-0 e6 7. Nc3 c6 8. d3 Bd6 9. Bg5 h6 10. Bh4 Nbd7 11. Re1 Qc7 12. Bg3 0-0 13. Bxd6 Qxd6 14. Nd2 Bf5 15. Nf3 Rfd8 16. d4 a5 17. Bd3 Bg4 18. Be2 g5 19. g3 Qb4 20. Qd2 Bxf3 21. a3 Qb3 22. Bxf3 Qxc4 23. Rac1 Qa6 24. h4 Nh7 25. Qe3 Re8 26. h5 Nhf6 27. Ne4 Nxe4 28. Qxe4 Qb5 29. Qc2 Rac8 30. Be2 Qd5 31. Rcd1 f5 32. Qc3 b5 33. Bf3 Qc4 34. Qd2 Qb3 35. Bg2 b4 36. axb4 Qxb4 37. Qe2 Nf6 38. f3 Nxh5 39. Kh2 Nf6 40. Qe5 Kf7 41. Rf1 Qb5 42. Qe1 a4 43. g4 f4 44. Qc3 Nd5 45. Qc2 Kg7 46. Qe4 Ne3 47. d5 exd5 48. Qd4+ Kf7 49. Rfe1 c5 50. Qd2 Qb4 51. Qd3 Kg7 52. Rb1 Qc4 53. Qd2 Qc2 54. Qc3+ Qxc3 55. bxc3 Nxg2 56. Rb7+ Kf8 57. Ra1 Ne3 58. Rxa4 Nc4 59. Raa7 Nd6 60. Rh7 Re2+ 61. Kg1 Kg8 62. Rxh6 Nf7 63. Rb6 Rce8 64. Rb1 d4 65. Kf1 d3 66. Rbb7 Re1+ 67. Kg2 R8e2+ 68. Kh3 Rh1# 0-1

[Event "Gatineau Rentree-B"]
[Site "Gatineau"]
[Date "2017.10.03"]
[Round "4"]
[White "Berthiaume, Serge"]
[Black "Lecorre, Joel"]
[Result "0-1"]
[WhiteElo "1461"]
[BlackElo "1475"]
[PlyCount "68"]
[EventDate "2017.09.12"]
[EventType "swiss"]
[EventRounds "6"]
[EventCountry "CAN"]
[SourceTitle "EXT 2022"]
[Source "ChessBase"]
[SourceDate "2021.10.06"]
[SourceVersion "1"]
[SourceVersionDate "2021.10.06"]
[SourceQuality "1"]

1. e4 e5 2. Nf3 Nc6 3. Bc4 Bc5 4. d4 exd4 5. e5 d5 6. exd6 Qxd6 7. 0-0 Be6 8. Bxe6 fxe6 9. Re1 h6 10. Nbd2 Nf6 11. Nc4 Qd5 12. Nce5 0-0-0 13. Nf7 e5 14. Nxh8 Rxh8 15. c3 e4 16. Nxd4 Nxd4 17. cxd4 Bxd4 18. Qc2 Ng4 19. Be3 Bxe3 20. fxe3 Qe5 21. g3 Rf8 22. Re2 Rf3 23. Qb3 b6 24. Rae1 h5 25. Qc2 g5 26. Rg2 Nxe3 27. Rxe3 Rxe3 28. Re2 Rxe2 29. Qxe2 Qd4+ 30. Kg2 g4 31. h3 Qd3 32. Qf2 Qf3+ 33. Qxf3 exf3+ 34. Kf2 Kd7 0-1

[Event "Gatineau Pere Noel-B"]
[Site "Gatineau"]
[Date "2016.12.13"]
[Round "2"]
[White "Lecorre, Joel"]
[Black "Traversy, Pierre"]
[Result "1-0"]
[WhiteElo "1506"]
[BlackElo "1210"]
[PlyCount "40"]
[EventDate "2016.12.06"]
[EventType "swiss"]
[EventRounds "5"]
[EventCountry "CAN"]
[SourceTitle "EXT 2022"]
[Source "ChessBase"]
[SourceDate "2021.10.06"]
[SourceVersion "1"]
[SourceVersionDate "2021.10.06"]
[SourceQuality "1"]

1. e4 e5 2. Bc4 Nf6 3. d4 d6 4. dxe5 Ng4 5. Nf3 Be6 6. Bxe6 fxe6 7. Ng5 Nxe5 8. Nxe6 Qd7 9. Nf4 Nbc6 10. Nc3 0-0-0 11. 0-0 g6 12. Ncd5 Be7 13. b4 Nb8 14. b5 Nc4 15. a4 a5 16. Qe2 Nb6 17. Nxb6+ cxb6 18. Nd5 Qe6 19. Qc4+ Kd7 20. Nxb6+ Ke8 1-0

[Event "Gatineau Pere Noel-B"]
[Site "Gatineau"]
[Date "2016.12.06"]
[Round "1"]
[White "Raymond, Robert"]
[Black "Lecorre, Joel"]
[Result "1-0"]
[WhiteElo "1282"]
[BlackElo "1506"]
[PlyCount "105"]
[EventDate "2016.12.06"]
[EventType "swiss"]
[EventRounds "5"]
[EventCountry "CAN"]
[SourceTitle "EXT 2022"]
[Source "ChessBase"]
[SourceDate "2021.10.06"]
[SourceVersion "1"]
[SourceVersionDate "2021.10.06"]
[SourceQuality "1"]

1. e4 d5 2. exd5 Nf6 3. Nf3 Nxd5 4. d3 g6 5. g3 Bg7 6. Bg2 Nc6 7. c3 0-0 8. 0-0 e5 9. Nbd2 Be6 10. Ne4 b6 11. d4 exd4 12. cxd4 Qd7 13. Bg5 h6 14. Be3 Rae8 15. Nc3 Nxe3 16. fxe3 Bh3 17. Re1 Bxg2 18. Kxg2 Re7 19. Qd2 Rd8 20. Rad1 Nb4 21. e4 f5 22. e5 Nd5 23. a3 g5 24. Ne2 c5 25. Kf2 cxd4 26. Nexd4 Nc7 27. Qd3 Ne6 28. Nxf5 Rf7 29. Nd6 Qc6 30. Qd5 Qxd5 31. Rxd5 Rff8 32. Kg2 Nc7 33. Rd3 Nb5 34. Red1 Nc7 35. b3 g4 36. Nh4 Bxe5 37. Ng6 Rf6 38. Nxe5 Rdf8 39. Ndf7 R6xf7 40. Nxf7 Rxf7 41. Rd7 Nb5 42. Rxf7 Kxf7 43. a4 Nc3 44. Rd7+ Ke6 45. Rxa7 Nd5 46. Rh7 Ne3+ 47. Kf2 Nf5 48. Rb7 Kd5 49. Rxb6 Nd4 50. a5 Nc6 51. b4 h5 52. Rb7 Kc4 53. a6 1-0

[Event "Outaouais-ch reserve"]
[Site "Gatineau"]
[Date "2016.04.19"]
[Round "2"]
[White "Lecorre, Joel"]
[Black "Jobin, Gilles G"]
[Result "1/2-1/2"]
[WhiteElo "1584"]
[BlackElo "1773"]
[PlyCount "114"]
[EventDate "2016.04.12"]
[EventType "tourn"]
[EventRounds "7"]
[EventCountry "CAN"]
[SourceTitle "EXT 2022"]
[Source "ChessBase"]
[SourceDate "2021.10.06"]
[SourceVersion "1"]
[SourceVersionDate "2021.10.06"]
[SourceQuality "1"]

1. e4 d6 2. d4 Nf6 3. Nc3 Nbd7 4. Nf3 e5 5. dxe5 dxe5 6. Be2 Bb4 7. Bd2 Qe7 8. Bd3 Nc5 9. Qe2 Bg4 10. a3 Nxd3+ 11. Qxd3 Bd6 12. h3 Bd7 13. Nb5 Bxb5 14. Qxb5+ c6 15. Qc4 0-0 16. 0-0 Rfd8 17. Rad1 Qc7 18. Bc3 Rd7 19. Rd2 b5 20. Qe2 a5 21. Rfd1 b4 22. Rxd6 Rxd6 23. Bxe5 Rxd1+ 24. Qxd1 Qe7 25. axb4 axb4 26. Qd4 Rd8 27. Bxf6 gxf6 28. Qe3 Rd1+ 29. Kh2 f5 30. e5 f6 31. Qb3+ Kh8 32. c3 Rd8 33. exf6 Qxf6 34. Qxb4 Qd6+ 35. Qxd6 Rxd6 36. Nd4 f4 37. b4 Kg8 38. g3 fxg3+ 39. fxg3 Kf7 40. g4 Kf6 41. Kg3 Ke5 42. Kf3 Rh6 43. Kg3 Ke4 44. Nf5 Rf6 45. h4 Kd3 46. Kf4 Re6 47. g5 Kxc3 48. h5 Kd3 49. Ng7 Re4+ 50. Kf5 Rxb4 51. g6 hxg6+ 52. hxg6 c5 53. Ne6 c4 54. Nf4+ Kd2 55. g7 Rb8 56. Nd5 c3 57. Nxc3 Kxc3 1/2-1/2

[Event "Outaouais-ch reserve"]
[Site "Gatineau"]
[Date "2016.04.12"]
[Round "1"]
[White "Simard, Paul"]
[Black "Lecorre, Joel"]
[Result "0-1"]
[WhiteElo "1175"]
[BlackElo "1584"]
[PlyCount "84"]
[EventDate "2016.04.12"]
[EventType "tourn"]
[EventRounds "7"]
[EventCountry "CAN"]
[SourceTitle "EXT 2022"]
[Source "ChessBase"]
[SourceDate "2021.10.06"]
[SourceVersion "1"]
[SourceVersionDate "2021.10.06"]
[SourceQuality "1"]

1. f4 Nf6 2. Nf3 d5 3. e3 c5 4. b3 e6 5. Bb2 Be7 6. Be2 Nc6 7. Bb5 a6 8. Bxc6+ bxc6 9. Ne5 Qd6 10. 0-0 0-0 11. Nc3 Nd7 12. Ne2 f6 13. Nxd7 Bxd7 14. Ng3 Rab8 15. Ba3 d4 16. Qe2 f5 17. Rf3 Bf6 18. Rb1 g6 19. Bb2 e5 20. fxe5 Bxe5 21. Kh1 Rbe8 22. Qxa6 Ra8 23. Qf1 Rxa2 24. Qe2 Rxb2 25. Rxb2 d3 26. Qxd3 Qxd3 27. cxd3 Bxb2 28. Ne2 Ra8 29. Rf1 Ra1 30. Rxa1 Bxa1 31. Nf4 Be5 32. Nh3 Be6 33. Ng5 Bxb3 34. e4 Bf4 35. Nf3 Bc2 36. g3 fxe4 37. gxf4 exf3 38. Kg1 Bxd3 39. Kf2 Be4 40. Ke3 Kf7 41. d3 Bd5 42. h4 Kf6 0-1

[Event "Gatineau Hull CC Reserve-A"]
[Site "Gatineau"]
[Date "2015.12.08"]
[Round "3"]
[White "Sabourin, Yves"]
[Black "Lecorre, Joel"]
[Result "0-1"]
[WhiteElo "1497"]
[BlackElo "1526"]
[PlyCount "48"]
[EventDate "2015.11.24"]
[EventType "swiss"]
[EventRounds "5"]
[EventCountry "CAN"]
[SourceTitle "EXT 2022"]
[Source "ChessBase"]
[SourceDate "2021.10.06"]
[SourceVersion "1"]
[SourceVersionDate "2021.10.06"]
[SourceQuality "1"]

1. e4 e5 2. Nf3 Nc6 3. Bb5 a6 4. Ba4 Nf6 5. 0-0 b5 6. Bb3 Be7 7. Re1 0-0 8. c3 d5 9. exd5 Nxd5 10. Nxe5 Nxe5 11. Rxe5 c6 12. d4 Bd6 13. Re2 Qh4 14. g3 Qh3 15. Qf1 Qh5 16. Nd2 Bh3 17. Qe1 Bg4 18. Re4 f5 19. Re6 Rfe8 20. Rxe8+ Rxe8 21. Qf1 Bh3 22. Qd1 f4 23. Nf3 Qxf3 24. Bxf4 Qg2# 0-1

[Event "Gatineau Equipes"]
[Site "Gatineau"]
[Date "2015.11.03"]
[Round "3"]
[White "Lecorre, Joel"]
[Black "Raymond, Daniel"]
[Result "1/2-1/2"]
[WhiteElo "1507"]
[BlackElo "1643"]
[PlyCount "60"]
[EventDate "2015.10.20"]
[EventType "team-swiss"]
[EventRounds "3"]
[EventCountry "CAN"]
[SourceTitle "EXT 2022"]
[Source "ChessBase"]
[SourceDate "2021.10.06"]
[SourceVersion "1"]
[SourceVersionDate "2021.10.06"]
[SourceQuality "1"]

1. e4 c5 2. Nc3 Nc6 3. g3 g6 4. Bg2 Bg7 5. Nge2 Nf6 6. d3 e6 7. 0-0 d5 8. exd5 exd5 9. Re1 0-0 10. Bg5 Ne7 11. Qd2 Re8 12. Rad1 Bf5 13. h3 Qd7 14. Nf4 d4 15. Bxf6 Bxf6 16. Ne4 Bxe4 17. Rxe4 Nc6 18. h4 Rxe4 19. Bxe4 Ne5 20. Nd5 Bg7 21. Qf4 Qd6 22. g4 Rd8 23. g5 b6 24. Kg2 Nc6 25. Qxd6 Rxd6 26. a3 b5 27. b3 Nd8 28. f4 f5 29. Bf3 Kf8 30. Re1 Ne6 1/2-1/2

[Event "Gatineau Equipes"]
[Site "Gatineau"]
[Date "2015.10.20"]
[Round "1"]
[White "Lecorre, Joel"]
[Black "Morel, Joseph"]
[Result "1/2-1/2"]
[WhiteElo "1507"]
[BlackElo "1736"]
[PlyCount "69"]
[EventDate "2015.10.20"]
[EventType "team-swiss"]
[EventRounds "3"]
[EventCountry "CAN"]
[SourceTitle "EXT 2022"]
[Source "ChessBase"]
[SourceDate "2021.10.06"]
[SourceVersion "1"]
[SourceVersionDate "2021.10.06"]
[SourceQuality "1"]

1. e4 c5 2. Nc3 Nc6 3. g3 g6 4. Bg2 Bg7 5. d3 d6 6. Nge2 Nh6 7. 0-0 0-0 8. Bd2 f5 9. Qc1 Nf7 10. Nd5 e6 11. Ne3 Nfe5 12. f4 Nf7 13. exf5 exf5 14. Bd5 Ne7 15. Bf3 d5 16. c3 d4 17. cxd4 cxd4 18. Nc2 Nc6 19. Nb4 Nxb4 20. Bxb4 Re8 21. Qc2 Rb8 22. Rac1 Be6 23. b3 Bd5 24. Qd2 Bxf3 25. Rxf3 Nd6 26. Bc5 Rc8 27. Kf1 Ne4 28. Qb4 Nxc5 29. Rxc5 Qe7 30. Qc4+ Kf8 31. Rxc8 Qxe2+ 32. Kg1 Qxf3 33. Qc5+ Kf7 34. Qc4+ Kf8 35. Qc5+ 1/2-1/2

[Event "Gatineau Hull CC 35 Ann"]
[Site "Gatineau"]
[Date "2015.09.29"]
[Round "3"]
[White "Seguin, Hubert"]
[Black "Lecorre, Joel"]
[Result "1-0"]
[WhiteElo "1555"]
[BlackElo "1545"]
[PlyCount "93"]
[EventDate "2015.09.15"]
[EventType "swiss"]
[EventRounds "5"]
[EventCountry "CAN"]
[SourceTitle "EXT 2022"]
[Source "ChessBase"]
[SourceDate "2021.10.06"]
[SourceVersion "1"]
[SourceVersionDate "2021.10.06"]
[SourceQuality "1"]

1. e4 e5 2. Nf3 Nc6 3. Bb5 a6 4. Ba4 Nf6 5. 0-0 b5 6. Bb3 Be7 7. Re1 0-0 8. c3 d6 9. d4 Bg4 10. h3 Bh5 11. d5 Na5 12. Bc2 Qd7 13. Nbd2 Rac8 14. b4 Nc4 15. Nxc4 bxc4 16. Kh2 c5 17. Ba4 Qc7 18. Bc6 cxb4 19. cxb4 Nd7 20. a4 Nb8 21. b5 Qb6 22. Be3 Qa5 23. Qc2 c3 24. Rec1 Qb4 25. Rcb1 Qc4 26. Nd2 Qe2 27. Re1 cxd2 28. Rxe2 Bxe2 29. Qxd2 Bc4 30. Qc2 axb5 31. a5 Nxc6 32. dxc6 Rxc6 33. Qb2 Ra6 34. Bb6 Bd8 35. Bxd8 Rxd8 36. Ra3 f6 37. Qb4 Kf7 38. Rc3 Ke7 39. Rxc4 bxc4 40. Qb7+ Rd7 41. Qxa6 Rc7 42. Qb6 Kd7 43. a6 c3 44. a7 c2 45. Qb5+ Ke7 46. a8Q c1Q 47. Qae8# 1-0

[Event "Outaouais op U1900"]
[Site "Gatineau"]
[Date "2015.06.06"]
[Round "3"]
[White "Gignac, Guy"]
[Black "Lecorre, Joel"]
[Result "1-0"]
[WhiteElo "1539"]
[BlackElo "1734"]
[PlyCount "61"]
[EventDate "2015.06.05"]
[EventType "swiss"]
[EventRounds "5"]
[EventCountry "CAN"]
[SourceTitle "EXT 2019"]
[Source "ChessBase"]
[SourceDate "2018.10.10"]
[SourceVersion "1"]
[SourceVersionDate "2018.10.10"]
[SourceQuality "1"]

1. d4 Nf6 2. Nf3 d5 3. c4 e6 4. Nc3 Be7 5. e3 b6 6. Bd3 Bb7 7. 0-0 0-0 8. b3 Nbd7 9. Bb2 Ne4 10. cxd5 exd5 11. Rc1 a6 12. Bb1 f5 13. Ne5 Bd6 14. Nxe4 fxe4 15. f4 exf3 16. Rxf3 Rxf3 17. Qxf3 Qe7 18. Bxh7+ Kxh7 19. Qh3+ Kg8 20. Qxd7 Qxd7 21. Nxd7 Rd8 22. Ne5 Bc8 23. h3 Bf5 24. g4 Be4 25. Rf1 Rf8 26. a3 a5 27. b4 axb4 28. axb4 Bxb4 29. Rxf8+ Kxf8 30. Kf2 Ke7 31. Nc6+ 1-0

[Event "Gatineau Judith Polgar"]
[Site "Gatineau"]
[Date "2015.02.10"]
[Round "5"]
[White "Lecorre, Joel"]
[Black "Danilov, Alex"]
[Result "0-1"]
[WhiteElo "1557"]
[BlackElo "1843"]
[PlyCount "50"]
[EventDate "2015.01.13"]
[EventType "swiss"]
[EventRounds "5"]
[EventCountry "CAN"]
[SourceTitle "EXT 2022"]
[Source "ChessBase"]
[SourceDate "2021.10.06"]
[SourceVersion "1"]
[SourceVersionDate "2021.10.06"]
[SourceQuality "1"]

1. e4 c5 2. Nc3 Nc6 3. g3 e6 4. Bg2 Qc7 5. d3 a6 6. a4 Nf6 7. Nge2 Be7 8. b3 Nd4 9. Bb2 Nxe2 10. Qxe2 d6 11. 0-0 0-0 12. f4 Nd7 13. g4 Bf6 14. Nd1 Rb8 15. c3 Qb6 16. g5 Be7 17. Rf3 e5 18. h4 exf4 19. Rxf4 Ne5 20. d4 Ng6 21. Rf3 Bg4 22. Qf2 Bxf3 23. Bxf3 f6 24. h5 Nf4 25. g6 Nh3+ 0-1